Successfull Management of Acquisition
Salvato in:
| Autore principale: | |
|---|---|
| Natura: | Libro |
| Lingua: | inglese |
| Pubblicazione: |
London
Derek Beattie Publ.
1982
|
| Edizione: | 1. ed. |
| Tags: |
Nessun Tag, puoi essere il primo ad aggiungerne!!
|
MARC
| LEADER | 00000nam a2200000 4500 | ||
|---|---|---|---|
| 001 | c029721 | ||
| 005 | 20221220100031.9 | ||
| 041 | 0 | |a eng | |
| 044 | |a GB | ||
| 245 | 1 | 0 | |a Successfull Management of Acquisition |c C. Stuart Jonnes |
| 250 | |a 1. ed. | ||
| 264 | 1 | |a London |b Derek Beattie Publ. |c 1982 | |
| 300 | |a 173 s. | ||
| 100 | 1 | |a Jonnes, C. Stuart | |